[Event "Tenerife-chT Tercera"]
[Site "Tenerife"]
[Date "2023.02.11"]
[Round "5.4"]
[White "Villavicencio Sanchez, Pedro"]
[Black "Nuevo Cabezas, Antonio"]
[Result "1-0"]
[WhiteElo "1740"]
[BlackElo "1335"]
[PlyCount "95"]
[EventDate "2023.01.14"]
[EventType "team-tourn"]
[EventRounds "15"]
[EventCountry "ESP"]
[SourceTitle "EXT 2024"]
[Source "ChessBase"]
[SourceDate "2023.10.10"]
[SourceVersion "1"]
[SourceVersionDate "2023.10.10"]
[SourceQuality "1"]
[WhiteTeam "Canarias 64 II"]
[BlackTeam "Ebano Barrio Nuevo IV"]
[WhiteTeamCountry "ESP"]
[BlackTeamCountry "ESP"]

1. e4 e5 2. Nf3 Nc6 3. Bb5 Qf6 4. Nc3 Nge7 5. d3 h6 6. Be3 a6 7. Ba4 b5 8. Bb3 Na5 9. d4 d6 10. dxe5 dxe5 11. Nd5 Nxd5 12. Qxd5 c6 13. Qxe5+ Qxe5 14. Nxe5 Nxb3 15. axb3 Bb7 16. 0-0-0 f6 17. Ng6 Rg8 18. f4 c5 19. e5 Bxg2 20. Rhe1 f5 21. e6 Be4 22. Rd7 Rd8 23. Red1 Rxd7 24. exd7+ Kd8 25. Nxf8 Rxf8 26. Bxc5 Rg8 27. Bb6+ Ke7 28. d8Q+ Rxd8 29. Bxd8+ Ke6 30. h4 h5 31. Bc7 Bd5 32. Be5 g6 33. Rd4 a5 34. c4 bxc4 35. bxc4 Be4 36. Rd6+ Ke7 37. c5 a4 38. c6 Bf3 39. c7 Bb7 40. Rd8 Ke6 41. c8Q+ Bxc8 42. Rxc8 Kd5 43. Kd2 Ke4 44. Ke2 g5 45. hxg5 h4 46. Rh8 Kd5 47. Kd2 Ke4 48. Ke2 1-0

[Event "Tenerife-chT Primera"]
[Site "Tenerife"]
[Date "2015.02.07"]
[Round "5.1"]
[White "Gonzalez Garcia, Zoilo"]
[Black "Villavicencio Sanchez, Pedro"]
[Result "1/2-1/2"]
[WhiteElo "1822"]
[BlackElo "1782"]
[PlyCount "60"]
[EventDate "2015.01.24"]
[EventType "swiss"]
[EventRounds "14"]
[EventCountry "ESP"]
[SourceTitle "EXT 2024"]
[Source "ChessBase"]
[SourceDate "2023.10.10"]
[SourceVersion "1"]
[SourceVersionDate "2023.10.10"]
[SourceQuality "1"]
[WhiteTeam "Valledrez"]
[BlackTeam "Laguna Cotelec II"]
[WhiteTeamCountry "ESP"]
[BlackTeamCountry "ESP"]

1. e4 c5 2. c3 d5 3. exd5 Qxd5 4. d4 e6 5. Nf3 Nf6 6. Be2 Nc6 7. 0-0 Be7 8. Na3 cxd4 9. Nb5 Qd8 10. Nfxd4 Nxd4 11. Nxd4 0-0 12. Bf4 Qb6 13. Qb3 Qxb3 14. axb3 Nd5 15. Bg3 Bf6 16. Nb5 a6 17. c4 Bd7 18. Nd6 Ne7 19. Nxb7 Nf5 20. Nc5 Nxg3 21. hxg3 Bc8 22. Nd3 Bd7 23. Bf3 Rab8 24. b4 Be7 25. Ne5 Be8 26. Bc6 Rxb4 27. Bxe8 Rxe8 28. Nc6 Rxc4 29. Nxe7+ Rxe7 30. Rxa6 g6 1/2-1/2

[Event "Canarias-ch U16"]
[Site "Costa Teguise"]
[Date "2014.04.25"]
[Round "6"]
[White "Guerra Arrocha, Daniel"]
[Black "Villavicencio Sanchez, Pedro"]
[Result "1-0"]
[WhiteElo "1939"]
[BlackElo "1747"]
[PlyCount "57"]
[EventDate "2014.04.24"]
[EventType "swiss"]
[EventRounds "7"]
[EventCountry "ESP"]
[SourceTitle "EXT 2016"]
[Source "ChessBase"]
[SourceDate "2015.10.08"]
[SourceVersion "1"]
[SourceVersionDate "2015.10.08"]
[SourceQuality "1"]

1. e4 c5 2. Nf3 e6 3. c3 d5 4. e5 d4 5. Bd3 Nc6 6. 0-0 Nge7 7. Be4 Qc7 8. Re1 g6 9. Na3 a6 10. Nc4 Nf5 11. d3 b5 12. Na5 Bd7 13. Nb3 Rd8 14. Bg5 Be7 15. Bxe7 Ncxe7 16. cxd4 Nxd4 17. Nbxd4 cxd4 18. Rc1 Qb6 19. Ng5 h6 20. Nf3 Bc6 21. Bxc6+ Nxc6 22. Nd2 Rd5 23. Ne4 Ke7 24. f4 Rdd8 25. Qg4 Nb4 26. Qh4+ Kf8 27. Qf6 Rh7 28. Nc5 Rd5 29. Nd7+ 1-0

[Event "Canarias-ch U16"]
[Site "Costa Teguise"]
[Date "2014.04.24"]
[Round "2"]
[White "Villavicencio Sanchez, Pedro"]
[Black "Pozo Vinuesa, Elena"]
[Result "1-0"]
[WhiteElo "1747"]
[BlackElo "1542"]
[PlyCount "117"]
[EventDate "2014.04.24"]
[EventType "swiss"]
[EventRounds "7"]
[EventCountry "ESP"]
[SourceTitle "EXT 2016"]
[Source "ChessBase"]
[SourceDate "2015.10.08"]
[SourceVersion "1"]
[SourceVersionDate "2015.10.08"]
[SourceQuality "1"]

1. e4 c5 2. Nf3 Nc6 3. d4 cxd4 4. Nxd4 g6 5. c4 Bg7 6. Nc2 Nf6 7. Nc3 d6 8. Be2 0-0 9. 0-0 Bd7 10. Bg5 Rc8 11. Qd2 Ne5 12. Ne3 Bc6 13. f3 Ned7 14. Rfd1 a5 15. Kh1 Nc5 16. Rac1 Ne6 17. Bh4 Nh5 18. Ned5 Bxd5 19. Nxd5 Re8 20. Bf2 Nf6 21. Bb6 Qd7 22. Bxa5 Nxd5 23. cxd5 Nd4 24. Bf1 Nb5 25. Bxb5 Qxb5 26. Bc3 Bxc3 27. Rxc3 Qa4 28. b3 Qa3 29. Qc1 Qa8 30. Rd2 Rxc3 31. Qxc3 Rc8 32. Qb2 Qa5 33. h3 Qc5 34. a4 h5 35. Rd4 Qa5 36. Qd2 Qa6 37. Rd3 h4 38. Rc3 Rxc3 39. Qxc3 Qf1+ 40. Kh2 Qf2 41. b4 Qb6 42. b5 f6 43. Qc8+ Kf7 44. Qe6+ Kf8 45. Qg4 g5 46. Qc8+ Kf7 47. Qc3 Qc5 48. Qxc5 dxc5 49. Kg1 Ke8 50. a5 Kd7 51. Kf2 Kd6 52. Ke3 f5 53. exf5 Kxd5 54. a6 bxa6 55. bxa6 Kc6 56. Kd3 Kb6 57. Kc4 Kxa6 58. Kxc5 Kb7 59. Kd5 1-0

[Event "Tenerife-ch Juniors"]
[Site "Laguna-Cotelec"]
[Date "2014.03.14"]
[Round "7.1"]
[White "Villavicencio Sanchez, Pedro"]
[Black "Pozo Vinuesa, Ana"]
[Result "1-0"]
[WhiteElo "1747"]
[BlackElo "1469"]
[PlyCount "91"]
[EventDate "2014.02.21"]
[EventType "swiss"]
[EventRounds "9"]
[EventCountry "ESP"]
[SourceTitle "EXT 2024"]
[Source "ChessBase"]
[SourceDate "2023.10.10"]
[SourceVersion "1"]
[SourceVersionDate "2023.10.10"]
[SourceQuality "1"]

1. e4 c5 2. Nf3 Nc6 3. d4 cxd4 4. Nxd4 g6 5. c4 Bg7 6. Nc2 Nf6 7. Nc3 0-0 8. Be2 b6 9. 0-0 Bb7 10. Bg5 Ne5 11. f3 Qc7 12. b3 d6 13. Qd2 Rac8 14. Rac1 Nc6 15. Bxf6 exf6 16. Nb5 Qb8 17. Qxd6 Qxd6 18. Nxd6 Rc7 19. Nxb7 Rxb7 20. Rfd1 Re8 21. Rd6 Rc7 22. Kf2 b5 23. Ne3 Na5 24. Ra6 Nb7 25. Nd5 Rcc8 26. Nxf6+ Bxf6 27. Rxf6 Red8 28. Ra6 bxc4 29. Rxc4 Rxc4 30. Bxc4 Rd2+ 31. Kg3 Nd6 32. Rxa7 Nxc4 33. bxc4 Rc2 34. Ra8+ Kg7 35. Ra4 Kf6 36. f4 Ke6 37. Kf3 Kd6 38. Ra7 Ke6 39. a4 Rxc4 40. a5 Ra4 41. a6 h5 42. Ra8 Kf6 43. h3 Ra3+ 44. Kf2 Ke7 45. a7 Kd7 46. Rf8 1-0

[Event "Tenerife-ch Juniors"]
[Site "Laguna-Cotelec"]
[Date "2014.03.08"]
[Round "6.1"]
[White "Pozo Vinuesa, Elena"]
[Black "Villavicencio Sanchez, Pedro"]
[Result "0-1"]
[WhiteElo "1542"]
[BlackElo "1747"]
[PlyCount "80"]
[EventDate "2014.02.21"]
[EventType "swiss"]
[EventRounds "9"]
[EventCountry "ESP"]
[SourceTitle "EXT 2024"]
[Source "ChessBase"]
[SourceDate "2023.10.10"]
[SourceVersion "1"]
[SourceVersionDate "2023.10.10"]
[SourceQuality "1"]

1. e4 c5 2. Nf3 e6 3. d4 cxd4 4. Nxd4 a6 5. a3 Nf6 6. Nc3 Qc7 7. Be2 d6 8. 0-0 Nbd7 9. Kh1 b5 10. f4 Bb7 11. Bf3 Be7 12. Nde2 0-0 13. Ng3 Rac8 14. f5 e5 15. Nh5 Nxh5 16. Bxh5 Nf6 17. Qf3 Qc4 18. Re1 d5 19. exd5 Nxd5 20. Ne4 Ba8 21. Qg4 Nf6 22. Nxf6+ Bxf6 23. c3 e4 24. Bg5 Bxg5 25. Qxg5 f6 26. Qe3 Rfd8 27. Rad1 Rd3 28. Rxd3 Qxd3 29. Qb6 Rd8 30. h3 Qd6 31. Qa7 Qg3 32. Re3 Qf2 33. Qb6 Rf8 34. Qe6+ Kh8 35. Qd6 Rg8 36. Re2 Qxf5 37. Bf7 Qf1+ 38. Kh2 Qxe2 39. Bxg8 e3 40. Qf8 Qxg2# 0-1

[Event "Tenerife-ch Juniors"]
[Site "Laguna-Cotelec"]
[Date "2014.03.01"]
[Round "2.1"]
[White "Mendez Acosta, Alexander Jesus"]
[Black "Villavicencio Sanchez, Pedro"]
[Result "0-1"]
[WhiteElo "1469"]
[BlackElo "1747"]
[PlyCount "117"]
[EventDate "2014.02.21"]
[EventType "swiss"]
[EventRounds "9"]
[EventCountry "ESP"]
[SourceTitle "EXT 2024"]
[Source "ChessBase"]
[SourceDate "2023.10.10"]
[SourceVersion "1"]
[SourceVersionDate "2023.10.10"]
[SourceQuality "1"]

1. c4 e6 2. Nf3 d5 3. cxd5 exd5 4. g3 c5 5. Bg2 Nf6 6. 0-0 Be7 7. b3 Nc6 8. Bb2 0-0 9. Na3 a6 10. d4 Ne4 11. Nd2 Nxd4 12. Nxe4 dxe4 13. Bxe4 Bf6 14. Nc4 Bg4 15. Bd3 Bh3 16. Re1 b5 17. Ne3 Re8 18. Rb1 Qd7 19. Ng2 Bf5 20. Bxf5 Qxf5 21. Nf4 Rad8 22. Qc1 g5 23. Nh5 Rxe2 24. Nxf6+ Qxf6 25. Bxd4 Rxe1+ 26. Qxe1 cxd4 27. Qd2 d3 28. Rd1 h6 29. Qe3 Qd6 30. Rd2 Qd7 31. Kg2 Qc6+ 32. Qf3 Qxf3+ 33. Kxf3 Kg7 34. Ke3 Kf6 35. Rxd3 Rxd3+ 36. Kxd3 Ke5 37. h3 f5 38. Ke3 a5 39. a3 f4+ 40. gxf4+ gxf4+ 41. Kd3 h5 42. h4 Kd5 43. f3 Ke5 44. a4 bxa4 45. bxa4 Kd5 46. Kc3 Kc5 47. Kd3 Kd5 48. Kc3 Kc5 49. Kd3 Kb4 50. Ke4 Kxa4 51. Kxf4 Kb3 52. Kg5 a4 53. f4 a3 54. f5 a2 55. f6 a1Q 56. Kg6 Qa8 57. Kxh5 Kc4 58. Kg6 Qf8 59. h5 0-1

[Event "Tenerife Navidad op 24th"]
[Site "Tenerife"]
[Date "2013.12.27"]
[Round "9"]
[White "Villavicencio Sanchez, Pedro"]
[Black "Korneev, Svyatoslav"]
[Result "1/2-1/2"]
[WhiteElo "1726"]
[BlackElo "2074"]
[PlyCount "88"]
[EventDate "2013.12.13"]
[EventType "swiss"]
[EventRounds "9"]
[EventCountry "ESP"]
[SourceTitle "CBM 158 Extra"]
[Source "ChessBase"]
[SourceDate "2014.02.28"]
[SourceVersion "1"]
[SourceVersionDate "2014.02.28"]
[SourceQuality "1"]

1. e4 e6 2. d4 d5 3. Nd2 Nf6 4. e5 Nfd7 5. Bd3 c5 6. c3 Nc6 7. Ne2 cxd4 8. cxd4 f6 9. exf6 Nxf6 10. Nf3 Bd6 11. 0-0 0-0 12. Bf4 Bxf4 13. Nxf4 Ne4 14. Qc1 Ng5 15. Nxg5 Qxg5 16. Bxh7+ Kxh7 17. Nxe6 Qxc1 18. Nxf8+ Kg8 19. Raxc1 Kxf8 20. Rfe1 Bf5 21. f3 Kf7 22. b4 Rd8 23. b5 Nxd4 24. Rc7+ Kf6 25. Rxb7 Ra8 26. Ree7 Nxb5 27. Rf7+ Ke6 28. Rxg7 Nd6 29. Rbe7+ Kf6 30. g4 Be6 31. g5+ Kf5 32. Rg6 Kxg6 33. Rxe6+ Kxg5 34. Rxd6 Kf4 35. Rxd5 Kxf3 36. Rf5+ Kg4 37. Rf2 Kh3 38. Kf1 Rb8 39. Ke2 Rb2+ 40. Ke3 Rxf2 41. Kxf2 Kxh2 42. a4 Kh3 43. Kf3 Kh4 44. Kf4 a5 1/2-1/2

[Event "Tenerife-chT Primera 1314"]
[Site "Tenerife"]
[Date "2013.12.21"]
[Round "2.2"]
[White "Camacho Hernandez, Francisco"]
[Black "Villavicencio Sanchez, Pedro"]
[Result "1-0"]
[WhiteElo "1862"]
[BlackElo "1726"]
[PlyCount "59"]
[EventDate "2013.12.14"]
[EventType "team-tourn"]
[EventRounds "14"]
[EventCountry "ESP"]
[SourceTitle "EXT 2015"]
[Source "ChessBase"]
[SourceDate "2014.11.20"]
[SourceVersion "1"]
[SourceVersionDate "2014.11.20"]
[SourceQuality "1"]
[WhiteTeam "Casa de Venezuela"]
[BlackTeam "Laguna Cotelec II"]
[WhiteTeamCountry "ESP"]
[BlackTeamCountry "ESP"]

1. c4 e6 2. Nf3 d5 3. cxd5 exd5 4. g3 c5 5. Bg2 Nf6 6. 0-0 Be7 7. b3 0-0 8. Bb2 Nc6 9. d4 Ne4 10. Na3 cxd4 11. Nc2 d3 12. exd3 Nc5 13. d4 Ne4 14. Ne3 f5 15. Nd2 Bb4 16. Nxe4 fxe4 17. a3 Be7 18. b4 Bf6 19. b5 Ne7 20. Qb3 Kh8 21. Rac1 Be6 22. Bxe4 dxe4 23. Qxe6 Re8 24. Qb3 Qd7 25. d5 Bxb2 26. Qxb2 Nf5 27. Nxf5 Qxf5 28. Rc7 Qe5 29. Qxe5 Rxe5 30. Rd1 1-0

[Event "La Laguna op"]
[Site "La Laguna"]
[Date "2013.11.02"]
[Round "7"]
[White "Villavicencio Sanchez, Pedro"]
[Black "Villavicencio Martinez, Carlos Luis"]
[Result "0-1"]
[WhiteElo "1739"]
[BlackElo "2090"]
[PlyCount "84"]
[EventDate "2013.10.21"]
[EventType "swiss"]
[EventRounds "7"]
[EventCountry "ESP"]
[SourceTitle "EXT 2014"]
[Source "ChessBase"]
[SourceDate "2013.11.20"]
[SourceVersion "1"]
[SourceVersionDate "2013.11.20"]
[SourceQuality "1"]

1. e4 c5 2. Nf3 Nc6 3. d4 cxd4 4. Nxd4 Qc7 5. Nc3 e6 6. Be3 a6 7. Nxc6 Qxc6 8. Qd4 b5 9. e5 Bb7 10. Bd3 f5 11. 0-0-0 Rc8 12. g4 Bc5 13. Qf4 Bxe3+ 14. fxe3 Ne7 15. gxf5 exf5 16. Rhg1 0-0 17. h4 Qe6 18. h5 Rc5 19. Be2 Bc6 20. Bf3 Qxe5 21. Bxc6 dxc6 22. Rd7 Qxf4 23. exf4 Kf7 24. Ra7 Rc4 25. Ne2 Re8 26. Rg2 Kf6 27. Rxa6 Nd5 28. b3 Rxc2+ 29. Kxc2 Nb4+ 30. Kb2 Nxa6 31. Nd4 Re4 32. Nxc6 Rxf4 33. Na7 b4 34. Rc2 Re4 35. Rc6+ Re6 36. Rc4 Kg5 37. Nc6 Re4 38. Nxb4 Nxb4 39. a4 Rxc4 40. bxc4 f4 41. Kc3 Nc6 42. Kd3 f3 0-1

[Event "La Laguna op"]
[Site "La Laguna"]
[Date "2013.10.26"]
[Round "4"]
[White "Guniaeva, Olga"]
[Black "Villavicencio Sanchez, Pedro"]
[Result "1-0"]
[WhiteElo "1588"]
[BlackElo "1739"]
[PlyCount "65"]
[EventDate "2013.10.21"]
[EventType "swiss"]
[EventRounds "7"]
[EventCountry "ESP"]
[SourceTitle "EXT 2014"]
[Source "ChessBase"]
[SourceDate "2013.11.20"]
[SourceVersion "1"]
[SourceVersionDate "2013.11.20"]
[SourceQuality "1"]

1. d4 d5 2. c4 e6 3. Nc3 c5 4. e3 Nf6 5. Nf3 a6 6. a4 Nc6 7. Be2 Be7 8. 0-0 0-0 9. Re1 b6 10. b3 Bb7 11. Bb2 Nb4 12. Na2 Rc8 13. Nxb4 cxb4 14. Rc1 a5 15. Nd2 Rc7 16. Bd3 Ne4 17. Qc2 Nxd2 18. Qxd2 Bd6 19. e4 dxe4 20. Bxe4 Bxh2+ 21. Kxh2 Qh4+ 22. Kg1 Bxe4 23. Qe3 Bb7 24. d5 exd5 25. Qe5 Qf6 26. Qxc7 Qxb2 27. Rb1 Qc2 28. Qxb7 d4 29. Qxb6 d3 30. Rec1 Qa2 31. Qd4 d2 32. Rd1 Re8 33. Qxd2 1-0

[Event "La Laguna op"]
[Site "La Laguna"]
[Date "2013.10.23"]
[Round "2"]
[White "Cordero Alamo, Ramon"]
[Black "Villavicencio Sanchez, Pedro"]
[Result "0-1"]
[WhiteElo "1548"]
[BlackElo "1739"]
[PlyCount "58"]
[EventDate "2013.10.21"]
[EventType "swiss"]
[EventRounds "7"]
[EventCountry "ESP"]
[SourceTitle "EXT 2014"]
[Source "ChessBase"]
[SourceDate "2013.11.20"]
[SourceVersion "1"]
[SourceVersionDate "2013.11.20"]
[SourceQuality "1"]

1. d4 d5 2. c4 e6 3. Nc3 c5 4. cxd5 exd5 5. Nf3 Nf6 6. Bf4 Nc6 7. e3 a6 8. Be2 Bf5 9. a3 Be7 10. 0-0 0-0 11. Rc1 c4 12. Ne5 Na5 13. g4 Be6 14. f3 Nb3 15. Rb1 Nd7 16. Nxd7 Qxd7 17. Na2 f5 18. h3 Bd6 19. Bxd6 Qxd6 20. Qe1 f4 21. Bd1 Bf7 22. Bxb3 cxb3 23. Nc3 Bg6 24. Rd1 fxe3 25. Kg2 Bc2 26. Rc1 Bd3 27. Ne2 Rac8 28. Rxc8 Rxc8 29. Qd1 Bxe2 0-1

[Event "Canarias-ch U16 31st"]
[Site "Puerto de la Cruz"]
[Date "2013.04.28"]
[Round "7"]
[White "Villavicencio Sanchez, Pedro"]
[Black "Pozo Vinuesa, Ana"]
[Result "1-0"]
[WhiteElo "1702"]
[BlackElo "1437"]
[PlyCount "49"]
[EventDate "2013.04.26"]
[EventType "swiss"]
[EventRounds "7"]
[EventCountry "ESP"]
[SourceTitle "EXT 2015"]
[Source "ChessBase"]
[SourceDate "2014.11.20"]
[SourceVersion "1"]
[SourceVersionDate "2014.11.20"]
[SourceQuality "1"]

1. e4 c5 2. Nf3 Nc6 3. d4 cxd4 4. Nxd4 g6 5. c4 Nf6 6. Nc3 Nxd4 7. Qxd4 d6 8. Be2 Bg7 9. 0-0 0-0 10. Qe3 a5 11. Rd1 Qc7 12. Bd2 a4 13. Rac1 Bd7 14. Nd5 Nxd5 15. cxd5 Qb8 16. Bc3 b5 17. Bxg7 Kxg7 18. Rc3 b4 19. Rc4 Rc8 20. Qd4+ e5 21. dxe6+ f6 22. exd7 Rxc4 23. Qxc4 Ra7 24. Qc8 Ra8 25. Rc1 1-0

[Event "Canarias-ch U16 31st"]
[Site "Puerto de la Cruz"]
[Date "2013.04.27"]
[Round "4"]
[White "Villavicencio Sanchez, Pedro"]
[Black "Perez Barreto, Adrian"]
[Result "1/2-1/2"]
[WhiteElo "1702"]
[BlackElo "2034"]
[PlyCount "95"]
[EventDate "2013.04.26"]
[EventType "swiss"]
[EventRounds "7"]
[EventCountry "ESP"]
[SourceTitle "EXT 2015"]
[Source "ChessBase"]
[SourceDate "2014.11.20"]
[SourceVersion "1"]
[SourceVersionDate "2014.11.20"]
[SourceQuality "1"]

1. e4 e6 2. d4 d5 3. Nd2 Be7 4. c3 c5 5. dxc5 Bxc5 6. exd5 Qxd5 7. Ngf3 Nf6 8. Bc4 Qh5 9. 0-0 0-0 10. Nb3 Bb6 11. Be2 e5 12. Ng5 Qg6 13. Qd3 Bf5 14. Qg3 Nc6 15. Nf3 Qxg3 16. hxg3 Ne4 17. Bb5 Nxg3 18. Re1 Ne4 19. Be3 Bc7 20. Rad1 Rfd8 21. Nc5 Nxc5 22. Bxc5 Bg4 23. Rxd8+ Rxd8 24. Bxc6 bxc6 25. Nxe5 Re8 26. Nf3 Rxe1+ 27. Nxe1 a5 28. Nc2 Be6 29. Nd4 Bxa2 30. Nxc6 f5 31. Ne7+ Kf7 32. Nxf5 Kf6 33. Ne3 Ke6 34. Kf1 Kd7 35. Ke2 Bb1 36. Bd4 g5 37. Bf6 h6 38. g4 Bg6 39. Bg7 h5 40. gxh5 Bxh5+ 41. Kd2 Ke6 42. Bd4 Bg6 43. Ke2 Bh5+ 44. Kd3 Bd6 45. Nc4 Bg6+ 46. Ke2 a4 47. Be3 Be7 48. Nb6 1/2-1/2

[Event "Canarias-ch U16 31st"]
[Site "Puerto de la Cruz"]
[Date "2013.04.26"]
[Round "2"]
[White "Diaz Martin, Carolina"]
[Black "Villavicencio Sanchez, Pedro"]
[Result "0-1"]
[WhiteElo "1405"]
[BlackElo "1702"]
[PlyCount "84"]
[EventDate "2013.04.26"]
[EventType "swiss"]
[EventRounds "7"]
[EventCountry "ESP"]
[SourceTitle "EXT 2015"]
[Source "ChessBase"]
[SourceDate "2014.11.20"]
[SourceVersion "1"]
[SourceVersionDate "2014.11.20"]
[SourceQuality "1"]

1. c4 e6 2. Nc3 d5 3. d3 c5 4. g3 dxc4 5. dxc4 Qxd1+ 6. Nxd1 Bd7 7. Bg2 Bc6 8. Bxc6+ Nxc6 9. Nf3 Nf6 10. 0-0 Be7 11. Nc3 0-0 12. Rd1 Rfd8 13. Bf4 Nh5 14. Be3 Nb4 15. Rac1 Nf6 16. a3 Nc6 17. Nd2 Ng4 18. Nf1 Nxe3 19. Nxe3 Bg5 20. f4 Bf6 21. Ng4 Bxc3 22. Rxd8+ Rxd8 23. Rxc3 Rd2 24. Rb3 b6 25. Kf2 Nd4 26. Re3 Rxb2 27. Ne5 g6 28. Nf3 Nxf3 29. Rxf3 Rc2 30. Rd3 Rxc4 31. Ke1 a5 32. Kd2 b5 33. Rb3 Rd4+ 34. Kc2 b4 35. axb4 cxb4 36. Kc1 a4 37. Rb1 Rc4+ 38. Kb2 Rc3 39. Ka2 Ra3+ 40. Kb2 Rb3+ 41. Kc2 Rxb1 42. Kxb1 a3 0-1

[Event "Tenerife-ch U16"]
[Site "Santa Cruz de Tenerife"]
[Date "2013.02.11"]
[Round "3"]
[White "Perez Barreto, Adrian"]
[Black "Villavicencio Sanchez, Pedro"]
[Result "1-0"]
[WhiteElo "1974"]
[BlackElo "1670"]
[PlyCount "95"]
[EventDate "2013.02.09"]
[EventType "swiss"]
[EventRounds "9"]
[EventCountry "ESP"]
[SourceTitle "EXT 2015"]
[Source "ChessBase"]
[SourceDate "2014.11.20"]
[SourceVersion "1"]
[SourceVersionDate "2014.11.20"]
[SourceQuality "1"]

1. d4 d5 2. c4 e6 3. Nc3 c5 4. cxd5 exd5 5. Nf3 Nc6 6. g3 Nf6 7. Bg2 Be7 8. 0-0 0-0 9. Bg5 cxd4 10. Nxd4 h6 11. Be3 Re8 12. Qa4 Bd7 13. Rfd1 Na5 14. Qc2 Nc4 15. Nxd5 Nxd5 16. Bxd5 Nxe3 17. fxe3 Qb6 18. Qb3 Qxb3 19. axb3 Bg5 20. e4 Be3+ 21. Kg2 Bxd4 22. Rxd4 Bc6 23. Kf3 Re7 24. b4 Bb5 25. Rc1 a6 26. Rd2 Rd8 27. Kf4 Bc6 28. Rc5 Bb5 29. Rdc2 Rdd7 30. e5 g6 31. h4 Kg7 32. e4 Bd3 33. R2c3 Bb5 34. Rc8 Be2 35. Rb8 Rc7 36. Rxc7 Rxc7 37. Rxb7 Rxb7 38. Bxb7 Kf8 39. Ke3 Bb5 40. Kd4 Ke7 41. Bd5 f6 42. exf6+ Kxf6 43. Bc4 Bxc4 44. Kxc4 Ke5 45. Kd3 g5 46. hxg5 hxg5 47. Ke3 Kd6 48. Kd4 1-0

[Event "Tenerife-ch U16"]
[Site "Santa Cruz de Tenerife"]
[Date "2013.02.10"]
[Round "2"]
[White "Villavicencio Sanchez, Pedro"]
[Black "Pozo Vinuesa, Ana"]
[Result "1-0"]
[WhiteElo "1670"]
[BlackElo "1414"]
[PlyCount "75"]
[EventDate "2013.02.09"]
[EventType "swiss"]
[EventRounds "9"]
[EventCountry "ESP"]
[SourceTitle "EXT 2015"]
[Source "ChessBase"]
[SourceDate "2014.11.20"]
[SourceVersion "1"]
[SourceVersionDate "2014.11.20"]
[SourceQuality "1"]

1. e4 c5 2. Nf3 Nc6 3. d4 cxd4 4. Nxd4 g6 5. c4 Bg7 6. Nc2 Nf6 7. Nc3 0-0 8. Be2 d6 9. 0-0 Bd7 10. Bg5 Rc8 11. Qd2 Ne5 12. Ne3 Bc6 13. f3 a5 14. Kh1 Ned7 15. Rad1 Qc7 16. Ned5 Bxd5 17. exd5 b6 18. Rfe1 Rfe8 19. Nb5 Qb8 20. Bf1 Ne5 21. b3 Qa8 22. a4 Ned7 23. Bd3 Nc5 24. Bc2 Qb7 25. Re2 Kh8 26. Rde1 Qd7 27. h4 h5 28. Qf4 Rcd8 29. Nd4 Rc8 30. Bxf6 Bxf6 31. Qh6+ Kg8 32. Bxg6 fxg6 33. Qxg6+ Bg7 34. Nf5 e5 35. dxe6 Nxe6 36. Rxe6 Rxe6 37. Rxe6 Qf7 38. Nh6+ 1-0

[Event "Cotelec Laguna op"]
[Site "Cotelec"]
[Date "2012.11.30"]
[Round "7"]
[White "Villavicencio Martinez, Carlos Luis"]
[Black "Villavicencio Sanchez, Pedro"]
[Result "1-0"]
[WhiteElo "2086"]
[BlackElo "1641"]
[PlyCount "61"]
[EventDate "2012.10.19"]
[EventType "swiss"]
[EventRounds "7"]
[EventCountry "ESP"]
[SourceTitle "EXT 2014"]
[Source "ChessBase"]
[SourceDate "2013.11.20"]
[SourceVersion "1"]
[SourceVersionDate "2013.11.20"]
[SourceQuality "1"]

1. e4 c5 2. Nf3 e6 3. d4 cxd4 4. Nxd4 a6 5. Bd3 Nf6 6. 0-0 d6 7. Nc3 b5 8. a4 bxa4 9. Rxa4 Bb7 10. Qe2 Nbd7 11. Bxa6 Qb6 12. Bxb7 Rxa4 13. Nxa4 Qxb7 14. Nc3 Nc5 15. Re1 Be7 16. Qb5+ Qxb5 17. Ndxb5 Kd7 18. f3 Rb8 19. b3 Bd8 20. Rd1 Ne8 21. Bf4 Bb6 22. Kf1 Nb7 23. e5 d5 24. Nxd5 Kc6 25. Nxb6 Kxb5 26. Nc4 Nc7 27. Rd7 Nd5 28. Bd2 Nd8 29. Na5 Nb4 30. Bxb4 Kxb4 31. Rxd8 1-0